[Event "Arab-ch (Women)"]
[Site "Abu Dhabi"]
[Date "2021.11.29"]
[Round "6"]
[White "Murad, Fatema Alzahraa"]
[Black "Razan, Alshaeby"]
[Result "1/2-1/2"]
[WhiteElo "1872"]
[BlackElo "1650"]
[PlyCount "122"]
[EventDate "2021.11.26"]
[EventType "swiss"]
[EventRounds "9"]
[EventCountry "UAE"]
[SourceTitle "CBM 205 Extra"]
[Source "ChessBase"]
[SourceDate "2022.01.31"]
[SourceVersion "1"]
[SourceVersionDate "2022.01.31"]
[SourceQuality "1"]

1. d4 d5 2. c4 e6 3. e3 Nf6 4. Nf3 c5 5. Nc3 cxd4 6. Nxd4 a6 7. Nc2 Qc7 8. cxd5 exd5 9. Be2 Nbd7 10. Bf3 Nb6 11. Nd4 Be7 12. Nde2 0-0 13. 0-0 Rd8 14. Bd2 Nc4 15. b3 Ne5 16. Nd4 Nxf3+ 17. Nxf3 Bg4 18. Rc1 Qd6 19. Na4 b6 20. Bc3 Ne4 21. Be5 Qg6 22. Kh1 b5 23. Nc3 Qe6 24. Nd4 Qd7 25. f3 Nxc3 26. Rxc3 Bh5 27. Rc7 Qe8 28. Nc6 Rd7 29. Rxd7 Qxd7 30. Qxd5 Rd8 31. Qxd7 Rxd7 32. Nxe7+ Rxe7 33. Rc1 f6 34. Bd4 Be8 35. Rc8 Kf7 36. Kg1 Ke6 37. Ra8 Kd5 38. Rxa6 Rc7 39. Ra7 Rxa7 40. Bxa7 f5 41. Kf2 g5 42. Ke2 g4 43. Kd3 Bh5 44. e4+ fxe4+ 45. fxe4+ Kc6 46. Ke3 Bg6 47. a4 b4 48. Kd3 Bf7 49. Kc2 Bg6 50. Kd3 Bf7 51. e5 Bxb3 52. a5 Kd5 53. Bb8 Bc4+ 54. Kc2 h5 55. Bd6 h4 56. Bxb4 Kxe5 57. Kd2 h3 58. gxh3 gxh3 59. Ke3 Kd5 60. Kf4 Kc6 61. Kg3 Bf1 1/2-1/2

[Event "Sharjah Blitz op"]
[Site "Sharjah"]
[Date "2021.05.01"]
[Round "1.6"]
[White "Razan, Alshaeby"]
[Black "Farahat, Ali"]
[Result "0-1"]
[WhiteElo "1711"]
[BlackElo "2404"]
[PlyCount "61"]
[EventDate "2021.05.01"]
[EventType "swiss (blitz)"]
[EventRounds "9"]
[EventCountry "UAE"]
[SourceTitle "CBM 202 Extra"]
[Source "ChessBase"]
[SourceDate "2021.07.31"]
[SourceVersion "1"]
[SourceVersionDate "2021.07.31"]
[SourceQuality "1"]

1. e4 e5 2. d4 exd4 3. c3 d5 4. exd5 Qxd5 5. cxd4 Nc6 6. Nf3 Bg4 7. Be2 Bb4+ 8. Nc3 Bxf3 9. Bxf3 Qc4 10. Be3 0-0-0 11. Be2 Bxc3+ 12. bxc3 Qxc3+ 13. Kf1 Nxd4 14. Rc1 Nxe2 15. Qxe2 Qd3 16. Bxa7 Nf6 17. Bb6 Qxe2+ 18. Kxe2 Nd5 19. Ba5 b6 20. Bd2 Rhe8+ 21. Kf3 Kb7 22. Rhe1 Rxe1 23. Rxe1 Ra8 24. Re5 Kc6 25. Rg5 g6 26. Rg4 Ra3+ 27. Ke2 Rxa2 28. Rc4+ Kd7 29. Kd3 c5 30. Bh6 Rxf2 31. Ke4 0-1

[Event "Sharjah Rapid op"]
[Site "Sharjah"]
[Date "2021.04.29"]
[Round "3.10"]
[White "Bablok, Maciej"]
[Black "Razan, Alshaeby"]
[Result "0-1"]
[WhiteElo "2058"]
[BlackElo "1711"]
[PlyCount "68"]
[EventDate "2021.04.29"]
[EventType "swiss (rapid)"]
[EventRounds "9"]
[EventCountry "UAE"]
[SourceTitle "CBM 202 Extra"]
[Source "ChessBase"]
[SourceDate "2021.07.31"]
[SourceVersion "1"]
[SourceVersionDate "2021.07.31"]
[SourceQuality "1"]

1. d4 Nf6 2. c4 c5 3. d5 b5 4. cxb5 a6 5. b6 Qxb6 6. Nc3 e6 7. e4 exd5 8. exd5 d6 9. Bc4 Be7 10. Nge2 0-0 11. 0-0 Nbd7 12. f4 Re8 13. Kh1 Nf8 14. Ng3 Ng6 15. b3 Bd7 16. Bb2 Bb5 17. Bxb5 axb5 18. Nh5 Nxh5 19. Qxh5 Bf6 20. Rf3 Qd8 21. Raf1 Qe7 22. f5 Nf8 23. Nd1 Bxb2 24. Nxb2 f6 25. a4 Qe5 26. Nd3 Qxd5 27. Nf4 Qf7 28. Qh4 bxa4 29. Rh3 axb3 30. Ng6 b2 31. Nxf8 Kxf8 32. Qxh7 Ra1 33. Qh8+ Ke7 34. Kg1 Rxf1+ 0-1

[Event "Sharjah Cup (Women) 10th"]
[Site "Sharjah"]
[Date "2020.01.12"]
[Round "9"]
[White "Razan, Alshaeby"]
[Black "Khezrian, Nooralzahra"]
[Result "1-0"]
[WhiteElo "1735"]
[BlackElo "1310"]
[PlyCount "81"]
[EventDate "2020.01.04"]
[EventType "swiss"]
[EventRounds "9"]
[EventCountry "UAE"]
[SourceTitle "CBM 194 Extra"]
[Source "ChessBase"]
[SourceDate "2020.03.31"]
[SourceVersion "1"]
[SourceVersionDate "2020.03.31"]
[SourceQuality "1"]

1. e4 e5 2. Nc3 Nc6 3. g3 g6 4. Bg2 Bg7 5. d3 d6 6. Nge2 Nge7 7. 0-0 f5 8. f4 0-0 9. Be3 fxe4 10. dxe4 exf4 11. gxf4 Bg4 12. h3 Be6 13. Qd2 Qd7 14. Kh2 Rad8 15. Rad1 b6 16. Nb5 Na5 17. Nbd4 Nc4 18. Qc1 c5 19. Nxe6 Bxb2 20. Nxf8 Rxf8 21. Qb1 Nxe3 22. Qxb2 Nxf1+ 23. Rxf1 Nc6 24. Qb3+ Kg7 25. Qc3+ Kg8 26. Qc4+ Kg7 27. Nc3 Nd4 28. Nd5 b5 29. Qd3 Qb7 30. c3 Nc6 31. Qg3 Qa6 32. f5 Nd8 33. fxg6 Rxf1 34. gxh7+ Kxh7 35. Bxf1 Qxa2+ 36. Bg2 Nf7 37. Nf6+ Kh6 38. Ne8 Qe6 39. Qg7+ Kh5 40. Bf3+ Kh4 41. Qg3# 1-0

[Event "Sharjah Cup (Women) 10th"]
[Site "Sharjah"]
[Date "2020.01.05"]
[Round "2"]
[White "Heinemann, Josefine"]
[Black "Razan, Alshaeby"]
[Result "1-0"]
[WhiteElo "2317"]
[BlackElo "1735"]
[PlyCount "77"]
[EventDate "2020.01.04"]
[EventType "swiss"]
[EventRounds "9"]
[EventCountry "UAE"]
[SourceTitle "CBM 194 Extra"]
[Source "ChessBase"]
[SourceDate "2020.03.31"]
[SourceVersion "1"]
[SourceVersionDate "2020.03.31"]
[SourceQuality "1"]

1. e4 d5 2. exd5 Nf6 3. d4 Nxd5 4. Nf3 g6 5. c4 Nb6 6. h3 Bg7 7. Nc3 Nc6 8. Be3 0-0 9. Qd2 a5 10. g4 a4 11. d5 Na5 12. Bxb6 cxb6 13. Rb1 e5 14. Be2 f5 15. g5 e4 16. Nd4 Nc6 17. Nxc6 bxc6 18. dxc6 Qe7 19. Nd5 Qc5 20. b4 axb3 21. axb3 Rf7 22. Nc7 Bc3 23. Qxc3 Rxc7 24. h4 Qxc6 25. h5 e3 26. f3 f4 27. c5 b5 28. hxg6 Qxg6 29. Rd1 Bf5 30. Bxb5 Qxg5 31. Bc4+ Rf7 32. Kf1 Ra2 33. Bxf7+ Kxf7 34. Rd7+ Bxd7 35. Rxh7+ Ke6 36. Qc4+ Ke5 37. Qe4+ Kf6 38. Qe7+ Kg6 39. Rg7+ 1-0

[Event "Sharjah Ramadan op rapid"]
[Site "Sharjah"]
[Date "2019.05.14"]
[Round "3"]
[White "Abdisalimov, Abdimalik"]
[Black "Razan, Alshaeby"]
[Result "1-0"]
[WhiteElo "2409"]
[BlackElo "1740"]
[PlyCount "75"]
[EventDate "2019.05.13"]
[EventType "swiss (rapid)"]
[EventRounds "9"]
[EventCountry "UAE"]
[SourceTitle "CBM 190 Extra"]
[Source "ChessBase"]
[SourceDate "2019.07.15"]
[SourceVersion "1"]
[SourceVersionDate "2019.07.15"]
[SourceQuality "1"]

1. c4 e5 2. d3 Nf6 3. a3 d5 4. cxd5 Nxd5 5. Nf3 Nc6 6. e4 Nb6 7. Be2 a5 8. 0-0 Bc5 9. Be3 Qe7 10. Nbd2 a4 11. Rc1 Bxe3 12. fxe3 Na5 13. Qc2 Nc6 14. d4 0-0 15. d5 Na5 16. Qxc7 Qxc7 17. Rxc7 Bd7 18. Nxe5 Rad8 19. Rc5 Nb3 20. Nxb3 axb3 21. Nxd7 Nxd7 22. Rb5 Rc8 23. Bg4 Rcd8 24. Bxd7 Rxd7 25. Rxb3 Re8 26. Rc1 g6 27. Rc4 Re5 28. Rcb4 Rde7 29. Rxb7 Rxe4 30. Rxe7 Rxe7 31. d6 Rd7 32. Rd3 f5 33. a4 Kf7 34. a5 Ke8 35. b4 Kd8 36. b5 Kc8 37. a6 Kb8 38. b6 1-0

[Event "Olympiad Women-43"]
[Site "Batumi"]
[Date "2018.09.30"]
[Round "6.35"]
[White "Vanduyfhuys, Daria"]
[Black "Razan, Alshaeby"]
[Result "0-1"]
[WhiteElo "2058"]
[BlackElo "1712"]
[PlyCount "142"]
[EventDate "2018.09.24"]
[EventType "team-swiss"]
[EventRounds "11"]
[EventCountry "GEO"]
[SourceTitle "EXT 2020"]
[Source "ChessBase"]
[SourceDate "2019.10.17"]
[SourceVersion "1"]
[SourceVersionDate "2019.10.17"]
[SourceQuality "1"]
[WhiteTeam "Belgium (W)"]
[BlackTeam "Jordan (W)"]
[WhiteTeamCountry "BEL"]
[BlackTeamCountry "JOR"]

1. d4 Nf6 2. c4 c5 3. d5 b5 4. Qc2 bxc4 5. e4 e6 6. Bxc4 exd5 7. exd5 d6 8. Nc3 Be7 9. Nf3 0-0 10. 0-0 Nbd7 11. b3 Nb6 12. Bb2 Qd7 13. Bb5 Qg4 14. Bc6 Rb8 15. Rfe1 Bd8 16. Rad1 Bf5 17. Qc1 Nh5 18. Ne2 Nd7 19. Ng3 Nf4 20. h3 Nxh3+ 21. gxh3 Qxf3 22. Qc3 Qxc3 23. Bxc3 Bxh3 24. Kh2 Bg4 25. f3 Bxf3 26. Bxd7 Bxd1 27. Rxd1 Rb7 28. Bc6 Re7 29. Nf5 Re2+ 30. Kg3 f6 31. Bd2 g6 32. Ne3 f5 33. Kf3 Rh2 34. Bd7 Bh4 35. Ng2 Rh3+ 36. Ke2 Bg3 37. Nf4 Rh2+ 38. Kf3 Bh4 39. Ng2 Bf6 40. Bf4 Rh3+ 41. Kf2 Bd4+ 42. Ke2 Rd8 43. Be6+ Kg7 44. Rf1 Kf6 45. Ne1 Be5 46. Be3 Rh2+ 47. Rf2 Rxf2+ 48. Bxf2 g5 49. Nd3 Rb8 50. Kf1 h5 51. Kg2 h4 52. Ne1 Rb4 53. Nd3 Re4 54. a4 Bd4 55. Bxd4+ Rxd4 56. Nf2 g4 57. a5 Rb4 58. a6 Rxb3 59. Bd7 h3+ 60. Kg1 Rb1+ 61. Kh2 Rb2 62. Kg3 Rxf2 63. Kxf2 Kg5 64. Kg3 f4+ 65. Kh2 Kh4 66. Bb5 f3 67. Kg1 Kg3 68. Bd3 f2+ 69. Kh1 Kf3 70. Bc4 g3 71. Be2+ Ke3 0-1

[Event "Sharjah Cup (Women) 7th"]
[Site "Sharjah"]
[Date "2016.12.23"]
[Round "6"]
[White "Razan, Alshaeby"]
[Black "Schepetkova, Margarita"]
[Result "0-1"]
[WhiteElo "1859"]
[BlackElo "2302"]
[PlyCount "36"]
[EventDate "2016.12.18"]
[EventType "swiss"]
[EventRounds "9"]
[EventCountry "UAE"]
[SourceTitle "CBM 176 Extra"]
[Source "ChessBase"]
[SourceDate "2017.03.02"]
[SourceVersion "1"]
[SourceVersionDate "2017.03.02"]
[SourceQuality "1"]

1. d4 Nf6 2. Nc3 d5 3. Bg5 Nbd7 4. Nf3 c6 5. Qd2 Ne4 6. Nxe4 dxe4 7. Ng1 h6 8. Bf4 Nf6 9. e3 Bf5 10. Bc4 e6 11. Ne2 Be7 12. h3 a5 13. a4 Bh7 14. g4 g5 15. Bh2 Nd5 16. Ng3 0-0 17. f4 gxf4 18. Bxd5 fxg3 0-1

[Event "Arab-ch (Women)"]
[Site "Amman"]
[Date "2014.12.08"]
[Round "2.2"]
[White "Boshra, Alshaeby"]
[Black "Razan, Alshaeby"]
[Result "0-1"]
[WhiteElo "1924"]
[BlackElo "1798"]
[PlyCount "102"]
[EventDate "2014.12.07"]
[EventType "swiss"]
[EventRounds "9"]
[EventCountry "JOR"]
[SourceTitle "EXT 2024"]
[Source "ChessBase"]
[SourceDate "2023.10.10"]
[SourceVersion "1"]
[SourceVersionDate "2023.10.10"]
[SourceQuality "1"]

1. g3 Nf6 2. Bg2 g6 3. d3 Bg7 4. Nf3 0-0 5. c3 c5 6. 0-0 d5 7. Nbd2 Nc6 8. Re1 e5 9. e4 d4 10. Nc4 Re8 11. a4 b6 12. cxd4 cxd4 13. Bg5 Ba6 14. Rc1 Rc8 15. Bh3 Rc7 16. Qd2 Bc8 17. Bxc8 Qxc8 18. Nd6 Qg4 19. Nxe8 Nxe8 20. Kg2 Qe6 21. h4 Bf8 22. Re2 Nb4 23. Rxc7 Nxc7 24. Qd1 Nca6 25. Ne1 Nc5 26. b3 Nxb3 27. Rb2 Na5 28. Bd2 Nac6 29. Qb1 a5 30. Qd1 Be7 31. Bc1 Bc5 32. h5 Na2 33. hxg6 hxg6 34. Bd2 Nc3 35. Qa1 Nb4 36. Bc1 Qc6 37. f4 exf4 38. Bxf4 Nxd3 39. Nxd3 Qxe4+ 40. Kh2 Qxd3 41. Qe1 Ne4 42. Re2 f5 43. Be5 Qf3 44. Qd1 d3 45. Qb3+ Kf8 46. Rb2 Qh5+ 47. Kg2 d2 48. Rxd2 Nxd2 49. Qd3 Qg5 50. Qd7 Qe7 51. Qc8+ Kf7 0-1

[Event "Olympiad Women-41"]
[Site "Tromsoe"]
[Date "2014.08.10"]
[Round "8.4"]
[White "Kalaiyalahan, Akshaya"]
[Black "Razan, Alshaeby"]
[Result "1-0"]
[WhiteElo "2016"]
[BlackElo "1804"]
[PlyCount "91"]
[EventDate "2014.08.02"]
[EventType "team-swiss"]
[EventRounds "11"]
[EventCountry "NOR"]
[SourceTitle "CBM 162"]
[Source "ChessBase"]
[SourceDate "2014.09.17"]
[SourceVersion "1"]
[SourceVersionDate "2014.09.17"]
[SourceQuality "1"]
[WhiteTeam "England (W)"]
[BlackTeam "Jordan (W)"]
[WhiteTeamCountry "ENG"]
[BlackTeamCountry "JOR"]

1. d4 Nf6 2. Nf3 g6 3. c4 Bg7 4. g3 c5 5. Bg2 0-0 6. 0-0 cxd4 7. Nxd4 Nc6 8. Nc3 Qb6 9. Nb3 d6 10. Bg5 Qd8 11. c5 dxc5 12. Qxd8 Nxd8 13. Nxc5 Ne6 14. Nxe6 Bxe6 15. Bf4 Nh5 16. Be3 a6 17. Na4 Rac8 18. Nc5 Bc4 19. Bxb7 Rc7 20. Rac1 Bxe2 21. Rfe1 Bb5 22. Rc2 Bd3 23. Rd2 Bb5 24. Bf3 Nf6 25. a4 Bc6 26. Nxa6 Rcc8 27. Bxc6 Rxc6 28. Nb4 Rc4 29. Rd4 Rfc8 30. b3 Rc3 31. Red1 Rxb3 32. Rd8+ Rxd8 33. Rxd8+ Bf8 34. Bh6 Nd7 35. Nc6 f6 36. Be3 Nb6 37. Rb8 Rxe3 38. fxe3 Nxa4 39. Nxe7+ Kf7 40. Nd5 Bc5 41. Kf2 Ke6 42. Nf4+ Kf7 43. Rb7+ Kg8 44. Ne6 Bd6 45. Rg7+ Kh8 46. Rd7 1-0